000 00611nam a2200205 4500
001 126778
003 ES-MaACL
007 t|
008 070214s1987 sp r ||||1| spa d
245 0 0 _aRetórica general /
_cGrupo ; traducción de Juan Victorio.
250 _a1ª ed.
260 _aBarcelona ;
_aBuenos Aires [etc.] :
_bPaidós,
_c1987.
300 _a316 p. ;
_c22 cm.
490 1 _aPaidós Comunicación ;
_v27
710 2 _aGrupo.
_94502
710 2 _aVictorio, Juan.
_97554
830 0 _aPaidós Comunicación ;
_v27
_9177927
852 _aES-MaACL
_jG-3502
_bR.114648
999 _c126778
_d126778